000
00301nam a2200109Ia 4500
008
220120s9999||||xx |||||||||||||| ||und||
100
_a
NIIT world class education
245
0
_a
DB2 warehouse manager workshop: CC 46 student exercises
260
_c
2001
300
_b
0
650
_a
COMMUNICATION SYSTEM
999
_c
136681
_d
136681